Capitales du Monde - Villes Introuvables - Statistiques

Statistiques générales
  • Ce quiz a été pris 100 fois
  • Le résultat moyen est 14 sur 20
Statistiques - réponses
Pays Capitale % Correct
Djibouti Djibouti
95%
Gabon Libreville
89%
Guinée Conakry
86%
Sao-Tomé-et-Principe Sao Tomé
83%
Sierra Leone Freetown
79%
Bhoutan Thimphou
79%
Timor Oriental Díli
76%
Tadjikistan Douchanbé
76%
Brunei Bandar Seri Begawan
75%
Comores Moroni
75%
Malawi Lilongwe
74%
Erythrée Asmara
71%
Sainte-Lucie Castries
66%
Lesotho Maseru
64%
Burundi Gitega
61%
Vanuatu Port-Vila
59%
Tonga Nuku'alofa
57%
Saint-Christophe-et-Niévès Basseterre
56%
Micronésie Palikir
49%
Kiribati Tarawa
47%
Aucun quiz correspondant
Distribution des résultats
% des personnes avec chaque résultat
Percentile par nombre de réponses
Votre historique - résultats
Vous n’avez pas pris ce quiz